Kirjaimella D alkavia kaupunkeja kartalla - Statistics

Yleistilastot
  • Tätä visaa on pelattu 1 297 kertaa
  • Keskiarvotulos 15 / 30
Vastaukset kartalla
Vastauksille on annettu kartalla punavihreä väri sen mukaan, kuinka moni on saanut sen oikein.
 
Vastaustilastot
Kaupunki % Oikein
Dublin
94%
Dallas
77%
Dhaka
77%
Delhi
75%
Doha
71%
Dubai
71%
Düsseldorf
70%
Detroit
69%
Dakar
65%
Dar es Salaam
63%
Denver
61%
Damaskos
60%
Dresden
60%
Djibouti
57%
Darwin
48%
Dili
45%
Donetsk
45%
Dijon
42%
Dušanbe
42%
Dodoma
40%
Durban
35%
Dundee
34%
Daegu
26%
Des Moines
23%
Douala
21%
Dalian
20%
Đà Nẵng
20%
Davao
18%
Dammam
17%
Dongguan
14%
Ehtoja vastaavia visoja ei löytynyt
Tulosjakauma
Jokaisen tuloksen saaneiden osuus
Persentiili vastausten määrän mukaan
Tuloshistoriasi
Et ole pelannut tätä visaa